The Power of team leadership : (Record no. 5072)
[ view plain ]
| 000 -LEADER | |
|---|---|
| fixed length control field | 00656nam a22002052 4500 |
| 001 - CONTROL NUMBER | |
| control field | 0000001081 |
| 005 - DATE AND TIME OF LATEST TRANSACTION | |
| control field | 20151217151805.0 |
| 008 - FIXED-LENGTH DATA ELEMENTS--GENERAL INFORMATION | |
| fixed length control field | 070226s xx 000 0 eng d |
| 020 ## - INTERNATIONAL STANDARD BOOK NUMBER | |
| International Standard Book Number | 1578564247 : |
| Terms of availability | KES 1,560 |
| 040 ## - CATALOGING SOURCE | |
| Original cataloging agency | KABU |
| Transcribing agency | KABU |
| 050 #0 - LIBRARY OF CONGRESS CALL NUMBER | |
| Classification number | BV675 |
| Item number | .B37 2001 |
| 100 1# - MAIN ENTRY--PERSONAL NAME | |
| Personal name | Barna, George. |
| -- | 0000149595 |
| 245 14 - TITLE STATEMENT | |
| Title | The Power of team leadership : |
| Remainder of title | achieving success through shared responsibility / |
| Statement of responsibility, etc. | George Barna. |
| 260 ## - PUBLICATION, DISTRIBUTION, ETC. (IMPRINT) | |
| Place of publication, distribution, etc. | Colorado Springs : |
| Name of publisher, distributor, etc. | Waterbrook Press, |
| Date of publication, distribution, etc. | 2001. |
| 300 ## - PHYSICAL DESCRIPTION | |
| Extent | 216 p. ; |
| Dimensions | 22 cm. |
| 650 #0 - SUBJECT ADDED ENTRY--TOPICAL TERM | |
| Topical term or geographic name as entry element | Group ministry. |
| -- | 0000149599 |
| 908 ## - PUT COMMAND PARAMETER (RLIN) | |
| Put command parameter | 070226 |
| 950 ## - LOCAL HOLDINGS (RLIN) | |
| -- | 1 |
| Withdrawn status | Lost status | Source of classification or shelving scheme | Not for loan | Home library | Current library | Date acquired | Total Checkouts | Full call number | Barcode | Date last seen | Price effective from | Koha item type |
|---|---|---|---|---|---|---|---|---|---|---|---|---|
| Library of Congress Classification | Kabarak, Main Campus | Kabarak, Main Campus | 17/12/2015 | BV675 .B37 2001 | 000813 | 02/08/2024 | 17/12/2015 | General Collection |